Giant freshwater prawn (Macrobrachium rosenbergii) in rice field under semi-intensivestage 1 and stage4; ការចិញ្ចឹមបង្កងទឹកសាបក្កុងស្រែតាមបែបពាក់កណ្ដាលប្រពលវប្បកម្មកំរិតទី៤. (Record no. 4039)

000 -LEADER
fixed length control field 00694nam a22001577a 4500
003 - CONTROL NUMBER IDENTIFIER
control field OSt
005 - DATE AND TIME OF LATEST TRANSACTION
control field 20151204164246.0
008 - FIXED-LENGTH DATA ELEMENTS--GENERAL INFORMATION
fixed length control field 151204b xxu||||| |||| 00| 0 eng d
040 ## - CATALOGING SOURCE
Transcribing agency RUA
082 ## - DEWEY DECIMAL CLASSIFICATION NUMBER
Classification number FIS MEN 2010 B182 Or.1
100 ## - MAIN ENTRY--PERSONAL NAME
9 (RLIN) 4325
Personal name MEN THONG; ម៉ែន ថុង.
245 ## - TITLE STATEMENT
Title Giant freshwater prawn (Macrobrachium rosenbergii) in rice field under semi-intensivestage 1 and stage4; ការចិញ្ចឹមបង្កងទឹកសាបក្កុងស្រែតាមបែបពាក់កណ្ដាលប្រពលវប្បកម្មកំរិតទី៤.
260 ## - PUBLICATION, DISTRIBUTION, ETC. (IMPRINT)
Place of publication, distribution, etc. Phnom Penh
Name of publisher, distributor, etc. RUA
Date of publication, distribution, etc. 2010
300 ## - PHYSICAL DESCRIPTION
Extent x; 40p.
Other physical details ill.
Dimensions 29cm.
942 ## - ADDED ENTRY ELEMENTS (KOHA)
Source of classification or shelving scheme
Koha item type FIS
Holdings
Price effective from Date last seen Permanent Location Not for loan Date acquired Source of classification or shelving scheme Koha item type Lost status Withdrawn status Total Renewals Date last checked out Total Checkouts Shelving location Damaged status Barcode Current Location Full call number
2015-12-042015-12-04Library Block B 2015-12-04 FIS     B182 RUA027496Library Block BFIS MEN 2010 B182 Or.1
2015-12-042015-12-04Library Block B 2015-12-04 FIS     B182 RUA037659Library Block BFIS MEN 2010 B182 Or.2
2015-12-042023-06-07Library Block B 2015-12-04 FIS  22023-05-103B182 RUA037719Library Block BFIS MEN 2010 B182 Or.3
2015-12-042015-12-04Library Block B 2015-12-04 FIS     B182 RUA027424Library Block BFIS MEN 2010 B182 Or.4
2015-12-042015-12-04Library Block B 2015-12-04 FIS     B182 RUA036749Library Block BFIS MEN 2010 B182 Or.5
2015-12-042015-12-04Library Block B 2015-12-04 FIS     B182 RUA037598Library Block BFIS MEN 2010 B182 Or.6
2015-12-042015-12-04Library Block B 2015-12-04 FIS     B182 RUA036811Library Block BFIS MEN 2010 B182 Or.7
2015-12-042015-12-04Library Block B 2015-12-04 FIS     B182 RUA037110Library Block BFIS MEN 2010 B182 Or.8
2019-03-262019-03-26Library Block B 2019-03-26 FIS     B1.226 A35635Library Block BFIS MEN 2010 B1.226 Or.1
មជ្ឈមណ្ឌលឯការនៃសាកលវិទ្យាល័យភូមិន្ទកសិកម្មចំការដូង

Powered by Koha